Vista normal Vista MARC

Entrada Materia (tema)

Número de registros utilizados en: 1

001 - CONTROL NUMBER

  • control field: 183075

003 - CONTROL NUMBER IDENTIFIER

  • control field: Co-BoUCM

005 - DATE AND TIME OF LATEST TRANSACTION

  • control field: 20240926075502.0

008 - FIXED-LENGTH DATA ELEMENTS

  • fixed length control field: 240926|| aca||aabn | a|a d

040 ## - CATALOGING SOURCE

  • Original cataloging agency: Co-BoUCM
  • Transcribing agency: Co-BoUCM

150 ## - HEADING--TOPICAL TERM

  • Topical term or geographic name as entry element: Circuitos integrados digitales
  • General subdivision: Diseño y construcción

670 ## - SOURCE DATA FOUND

  • Source citation: Work cat.: (Co-BoUCM): Wakerly, John F. 183074, Digital design, 2000